|
|
|
|
| LEADER |
00000cam a2200000 7i4500 |
| 001 |
0000006111 |
| 005 |
20021119093000.0 |
| 008 |
021119n |
| 090 |
0 |
0 |
|a D13
|b .G7515
|
| 100 |
0 |
|
|a Gottschalk, Louis ,
|e author
|
| 245 |
0 |
0 |
|a Mengerti sejarah :
|b pengantar metode sejarah .
|l Understanding history
|c Louis Gottschalk
|f terjemahan Nugroho Notosutanto
|
| 260 |
2 |
|
|a [Jakarta] :
|b Yayasan Penerbit Universiti Indonesia ,
|c 1975
|
| 300 |
|
|
|a 225 ms. ; ;
|c 21 sm.
|
| 501 |
|
|
|a Terjemahan: Understanding history
|
| 650 |
|
0 |
|a Historiography
|
| 999 |
|
|
|a 1000007920
|b Book
|c OPEN SHELF (30 DAYS)
|e Gong Badak Campus
|